LDR 01012nam a2200265 i 4500 001 000000158043 003 CaOOAMICUS 005 20070126000000.0 008 070126s1984 it u000 u ita u 013 $a135406 020 $a88-245-0209-1 040 $aSeMil$bita 100 1 $aHonour, Hugh,$d<1927-2016>.$0(OLS)http://semarc/name/44991 245 13$aIl Romanticismo /$cHugh Honour. 260 $aMilano :$bEdizioni di Comunità,$ccopyr. 1984. 300 $a406 p. :$briccamente ill. ;$c25 cm. 500 $aContiene : Nota bibliografica. - Fondo Ciprandi. 650 4$aRomanticismo.$0(OLS)http://semarc/subject/523 850 $aSeMil 852 $aSeMil$W1$xVenegono$y1$m5N VI 99$j109717$B109717$CSeMilBibl$Z2$F119305 $81 941 1 $a1 961 $aOmaggio: Ciprandi dott. Paolo 996 $6020$a88-245-0209-1$9(OLS)http://semarc/number/148510 996 $6245$aIl Romanticismo$9(OLS)http://semarc/title/231881 996 $6260$aMilano :$bEdizioni di Comunità$9(OLS)http://semarc/publisher/31458